Sports Quiz

Random Sports or Football Quiz

American Football Positions Quiz Stats

 Plays Quiz Updated Aug 1, 2021

Support Sporcle.
Go Orange.
Score 0/19 Timer 04:00
23 Plays Today
Position % Correct
Quarterback
97.5%
Halfback
96.7%
Kicker
93.5%
Punter
89.5%
Center
89.3%
Linebacker
89.1%
Tight End
89%
Fullback
88.5%
Wide Receiver
88.3%
Safety
87.7%
Position % Correct
Cornerback
84.8%
Offensive Guard
82.6%
Defensive Tackle
79.3%
Defensive End
77.2%
Offensive Tackle
76.4%
Punt returner
69.7%
Kick returner
68.6%
Long snapper
68.2%
Holder
66%

You're not logged in!

Compare scores with friends on all Sporcle quizzes.
OR
Log In
Forgot?

From the Vault

Last 25 Years: 'E' Movies

by SporcleEXP

Movies 8m
This might quiz might not be as 'E'-asy as you might expect.
Remove Ads.
Support Sporcle.
Get the best of Sporcle when you Go Orange. This ad-free experience offers more features, more stats, and more fun while also helping to support Sporcle. Thank you for becoming a member.

Show Comments

Extras

Top Quizzes Today


Score Distribution

Your Account Isn't Verified!

In order to create a playlist on Sporcle, you need to verify the email address you used during registration. Go to your Sporcle Settings to finish the process.

Report this User

Report this user for behavior that violates our Community Guidelines.

Details: